| 000 | 00742nam a2200181 i 4500 | ||
|---|---|---|---|
| 001 | 164480 | ||
| 003 | ES-MaACL | ||
| 005 | 20250921063036.0 | ||
| 008 | 050829s1884 sp | |||||||| ||spa d | ||
| 040 |
_aCAM _bspa _cCAM |
||
| 100 | 1 |
_aSalvá, Melchor, _d1834-1918 _9102056 |
|
| 245 | 1 | 4 |
_aLas asambleas provinciales en el siglo de Augusto (de Mr. N. Duruy) _b: Informe leído ante la Real Academia de Ciencias Morales y Políticas / _cpor Melchor Salvá. |
| 260 |
_aMadrid : _b[s.n.], _c1884 ( _fTipografía Gutemberg) |
||
| 300 |
_a15 p. ; _c26 cm. |
||
| 852 |
_aES-MaACL _jFol-Laf-148 _z-- Rúst. |
||
| 852 |
_aES-MaACL _jT-384-F-2 _z-- Enc. hol., falto de la enc. original _z-- Enc. en un vol. facticio |
||
| 999 |
_c164480 _d164480 |
||